Yitik tüzük kırık demokrasi dönüm kurultayı (Record no. 9697)
[ view plain ]
| 000 -BAŞLIK | |
|---|---|
| Sabit Uzunlukta Kontrol Alanı | 00860na a2200253 4500 |
| 001 - KONTROL NUMARASI | |
| Denetim Alanı | 22427 |
| 003 - KONTROL NUMARASI IDENTIFIER | |
| Denetim Alanı | MIRAKIL |
| 005 - SON İŞLEM TARİHİ VE ZAMANI | |
| Denetim Alanı | 20181213155254.0 |
| 008 - SABİT-BOY VERİ ELEMANLARI - GENEL BİLGİLER | |
| Sabit Uzunlukta Kontrol Alanı | 170213b tu 000 0 |
| 035 ## - SİSTEM KONTROL NUMARASI | |
| Sistem Kontrol Numarası | 22427 |
| 040 ## - KATALOGLAMA KAYNAK | |
| Orijinal Kataloglama Ajansı | Milas |
| Kataloglama Dili | tur |
| Metne Dönüştürmek Ajansı | TR-AnCHP |
| 041 ## - DİL KODU | |
| Metin / Ses Parça Veya Ayrı Başlığın Dil Kodu | tur |
| 090 ## - SINIFLAMA NUMARASI | |
| Sınıflama Numarası | SHP 39 |
| 110 ## - ANA GİRİŞ - KURUMSAL ADI | |
| Giriş Elemanı Olarak Kurumsal Ad Veya Yargı Alanı Adı | Sosyaldemokrat Halkçı Parti (SHP) |
| 245 ## - BAŞLIK TABLOSU | |
| Başlık | Yitik tüzük kırık demokrasi dönüm kurultayı |
| Başlığın Kalan | SHP IV.Olağanüstü Kurultay Çağrısı |
| Sorumluluk Tablosu, Vb | Sosyaldemokrat Halkçı Parti Merkez Yürütme Kurulu |
| 260 ## - YAYIN, DAĞITIM, VB | |
| Yayın, Dağıtım, Vb Yeri | Ankara |
| Yayıncı, Dağıtıcı, Vs Adı | SHP |
| Yayın, Dağıtım, Vb Tarihi | Haziran 1989 |
| 300 ## - FİZİKSEL TANIM | |
| Kapsam | 43 s. |
| Boyutlar | 14 sm. |
| 440 ## - SERİSİ TABLOSU / KATMA GİRİŞİ - BAŞLIK | |
| Başlık | SHP yayınları |
| Bir İşin Parçası / Bölümün İsmi | IV. Olağanüstü Kurultay |
| 610 ## - KONU KATMA GİRİŞ - TOPLANTI ADI | |
| Giriş Elemanı Olarak Kurumsal Ad Veya Yargı Alanı Adı | Sosyaldemokrat Halkçı Parti (SHP) |
| Genel Alt Bölüm | Tüzükler |
| Kronolojik Alt Bölüm | Demokrasi |
| 650 ## - KONU KATMA GİRİŞ - TOPİKAL DÖNEM | |
| Topikal Süreli Veya Coğrafi Ad Giriş Elemanı | Siyasal partiler |
| Genel Alt Bölümü | SHP |
| Kronolojik Alt Bölümü | Kurultaylar |
| Coğrafi Alt Bölümü | Türkiye |
| 830 ## - SERİSİ EKLENDİ GİRİŞ - ÜNİFORM ADI | |
| Üniforma Başlık | Sosyaldemokrat Halkçı Parti (SHP) |
| 942 ## - EKLENDİ GİRİŞ ELEMANLARI (KOHA) | |
| Sınıflandırma Veya Raf Düzeni Kaynak | Dewey Decimal Classification |
| Koha Öğesi Türü | Books |
| 999 ## - SİSTEM KONTROL NUMARALARI (KOHA) | |
| Koha Biblionumber | 9697 |
| Koha Biblioitemnumber | 9697 |
| Kullanım Kısıtlamaları | Kalıcı Konum | Mevcut Konum | Edinme Tarihi | Edinim Kaynak | Kodlu Konum Eleme | Toplam Check-Out'Lar | Tam Çağrı Numarası | Barkod | Tarih Son Görülme | İtibaren Geçerli Fiyatlar | Koha Öğesi Türü |
|---|---|---|---|---|---|---|---|---|---|---|---|
| Kütüphane dışına çıkarılamaz | CHP Kütüphanesi | CHP Kütüphanesi | 02/13/2017 | Bağış | SHP | SHP 39 | 014244 | 02/13/2017 | 02/13/2017 | Books |
